000 00981cam a22002891 4500
001 sa 66007290
003 DLC
005 20260227112303.0
008 910830s1965 ii ae 000 0 sano
010 _asa 66007290
035 _a(OCoLC)24317469
040 _aDLC
_cWaU
_dDLC
041 0 _asanhin
042 _apremarc
043 _aa-ii---
050 0 0 _aNA6002
_b.S9 1965
100 0 _aSūtradhāra Maṇḍana,
_dactive 16th century.
245 1 0 _aSūtradhāra Nāthajī viracita Vāstumañjaryāntargata Prāsādamañjari.
_bPrasadamanjari,
_cby Sutradhara Nathji.
260 _c1965.
300 _a34, 92 p.
_billus., plans.
_c26 cm.
500 _aHindi and Sanskrit; introductory matter and commentary in Hindi.
650 0 _aTemples
_zIndia.
650 0 _aArchitecture
_xEarly works to 1800.
700 1 _aSomapurā, Prabhāśaṅkara Oghaḍabhāī,
_d1896-
_tSuprabha.
740 0 _aVāstumañjaryāntargata Prāsādamañjarī.
740 0 _aPrāsādamañjarī.
999 _c71069
_d71069